书目信息 |
| 题名: |
优质辣椒高产栽培技术
|
|
| 作者: | 邹学校 编著 | |
| 分册: | ||
| 出版信息: | 北京 科学出版社出版社 1998 |
|
| 页数: | 201 | |
| 开本: | 20cm | |
| 丛书名: | 金穗丛书 | |
| 单 册: | ||
| 中图分类: | S641.3 | |
| 科图分类: | ||
| 主题词: | 园艺 | |
| 电子资源: | ||
| ISBN: | 7-03-006376-7 | |
| 000 | 00593nam0 2200205 450 | |
| 001 | 0754114953 | |
| 005 | 20070929150154.95 | |
| 010 | @a7-03-006376-7 | |
| 100 | @a20070929d km y0chiy0120 ea | |
| 101 | 0 | @achi |
| 200 | 1 | @a优质辣椒高产栽培技术@Ayou zhi la jiao gao chan zai pei ji shu@f邹学校 编著@Fzou xue xiao bian zhu |
| 210 | @a北京@c科学出版社出版社@d1998 | |
| 215 | @a201@c插图@d20cm | |
| 225 | 2 | @a金穗丛书 |
| 410 | 0 | @12001 @a金穗丛书 |
| 606 | 0 | @a园艺 |
| 690 | @aS641.3@v3 | |
| 701 | 0 | @a邹学校@Azou xue xiao@4编著 |
| 801 | 0 | @aCN@bPFT@c20070929 |
| 905 | @a213230@dS641.3@eh17@f1 | |
| 优质辣椒高产栽培技术/邹学校 编著.-北京:科学出版社出版社,1998 |
| 201:插图;20cm.-(金穗丛书) |
| ISBN 7-03-006376-7: |
| ● |
| 相关链接 |
|
|
|
|
正题名:优质辣椒高产栽培技术
索取号:S641.3/h17
 
预约/预借
| 序号 | 登录号 | 条形码 | 馆藏地/架位号 | 状态 | 备注 |
| 1 | 6001212 | 260012122 | 密集书库-化学系/ [索取号:S641.3/h17] | 在馆 |